|
|
|
|
| LEADER |
00000nam a2200000Ii 4500 |
| 001 |
DIGEDICNSB0088 |
| 003 |
NyNyDIG |
| 008 |
221017s2011 sp a ok 001 0 spa d |
| 006 |
m o d |
| 007 |
cr ||||||||||| |
| 035 |
|
|
|a (OCoLC)1379465414
|
| 040 |
|
|
|a DGITA
|b eng
|e rda
|e pn
|c DGITA
|
| 020 |
|
|
|a 9788466649339
|q eBook
|
| 020 |
|
|
|z 9788498727074
|
| 043 |
|
|
|a e-sp---
|
| 050 |
1 |
4 |
|a ML420.S08 ebook
|
| 100 |
1 |
|
|a Carbonell, Joaquín,
|d 1947-
|e author.
|
| 245 |
1 |
0 |
|a Pongamos que hablo de Joaquín /
|c Joaquin Carbonell.
|
| 264 |
|
1 |
|a Barcelona (España) :
|b Ediciones B,
|c [2011]
|
| 300 |
|
|
|a 1 online resource :
|b illustrations.
|
| 336 |
|
|
|a text
|b txt
|2 rdacontent
|
| 337 |
|
|
|a computer
|b c
|2 rdamedia
|
| 338 |
|
|
|a online resource
|b cr
|2 rdacarrier
|
| 347 |
|
|
|a text file
|2 rdaft
|
| 347 |
|
|
|b EPUB
|
| 500 |
|
|
|a "Una mirada personal sobre Joaquín Sabina."
|
| 504 |
|
|
|a Includes discography and index.
|
| 588 |
0 |
|
|a Online resource; title from ePub title page (Digitalia, viewed October 17, 2022)
|
| 600 |
1 |
0 |
|a Sabina, Joaquín.
|
| 650 |
|
0 |
|a Singers
|z Spain
|v Biography.
|
| 650 |
|
0 |
|a Poets, Spanish
|y 20th century
|v Biography.
|
| 791 |
2 |
|
|a Digitalia (Firm),
|e distributor.
|
| 793 |
0 |
|
|g Digitalia eBook Collection:
|a Ediciones B
|
| 776 |
0 |
8 |
|i Print version:
|a Carbonell, Joaquín, 1947-
|t Pongamos que hablo de Joaquín.
|b Primera edición.
|d Barcelona (España) : Ediciones B, [2010]
|z 9788498727074
|
| 856 |
4 |
0 |
|3 Digitalia Hispánica
|u https://www.digitaliapublishing.com/a/53296/
|
| 910 |
|
|
|a Premium collection: 2022
|